00000000nam 2200000zi 4500
0019.949112
003CaOODSP
00520250821152012
006m     o  d f      
007cr |n|||||||||
008250314e202504  onc     o    f000 0 fre d
020 |a9780660764139
040 |aCaOODSP|bfre|erda|cCaOODSP
043 |an-cn---
0861 |aPS4-334/2-2025F-PDF
24500|aLorsqu'une ordonnance d'interdiction urgence est rendue contre vous.
264 1|a[Ottawa] : |bSécurité publique Canada = Public Safety Canada,|cavril 2025.
264 4|c©2025
300 |a1 ressource en ligne (4 pages non numérotées)
336 |atexte|btxt|2rdacontent/fre
337 |ainformatique|bc|2rdamedia/fre
338 |aressource en ligne|bcr|2rdacarrier/fre
500 |aPublié aussi en anglais sous le titre : When an emergency prohibition order is made against you.
650 6|aArmes à feu|xDroit|zCanada.
650 6|aArmes à feu|zCanada|xSécurité|xMesures.
7101 |aCanada. |bSécurité publique Canada, |eorganisme de publication.
77508|tWhen an emergency prohibition order is made against you.|w(CaOODSP)9.949110
85640|qPDF|s351 Ko|uhttps://publications.gc.ca/collections/collection_2025/sp-ps/PS4-334-2-2025-fra.pdf
8564 |qHTML|sS.O.|uhttps://www.securitepublique.gc.ca/cnt/rsrcs/pblctns/rd-flg-epo/index-fr.aspx